[Event "SR 3. liga A2 2010/2011"]
[Site "?"]
[Date "2010.11.20"]
[Round "2.7"]
[White "Puskas, Miroslav"]
[Black "Holly, Milan"]
[Result "1/2-1/2"]
[WhiteElo "1970"]
[BlackElo "1862"]
[PlyCount "73"]
[EventDate "2010.??.??"]
[WhiteTeam "Slovakia"]
[BlackTeam "II"]
[WhiteTeamCountry "SVK"]
[BlackTeamCountry "SVK"]

1. e4 b6 2. d4 e6 3. Nf3 Bb7 4. Bd3 Be7 5. O-O Nf6 6. Nc3 d5 7. e5 Nfd7 8. Ne2
c5 9. c3 O-O 10. Be3 Nc6 11. a3 Rc8 12. Rc1 a5 13. h3 g6 14. Nh2 f5 15. exf6
Nxf6 16. Bh6 Rf7 17. Nf4 Bd6 18. dxc5 bxc5 19. Ng4 Nxg4 20. Qxg4 Ne5 21. Qxe6
Rc6 22. Bb5 Rb6 23. Be8 Bc7 24. Bxf7+ Nxf7 25. Bg5 Qb8 26. Qe7 Nxg5 27. Nd3 Nf7
28. Qxc5 Ba6 29. Rfd1 Bxd3 30. Rxd3 Rxb2 31. Qxd5 Qa7 32. Rf3 Bb6 33. Rf1 Qe7
34. c4 Kg7 35. c5 Bc7 36. Re3 Qf6 37. Rf3 $11 1/2-1/2

[Event "SR 3. liga A2 2010/2011"]
[Site "?"]
[Date "2010.10.31"]
[Round "2.7"]
[White "Tomovicsova, Evelina"]
[Black "Slaby, Jozef"]
[Result "1-0"]
[WhiteElo "1677"]
[BlackElo "1865"]
[PlyCount "81"]
[EventDate "2010.??.??"]
[WhiteTeam "Slovakia"]
[BlackTeam "II"]
[WhiteTeamCountry "SVK"]
[BlackTeamCountry "SVK"]

1. e4 e6 2. d4 d5 3. exd5 Qxd5 4. Nf3 Nf6 5. Be2 Be7 6. O-O O-O 7. c4 Qd8 8.
Qb3 c6 9. Nc3 Nbd7 10. Rd1 Qb6 11. Qxb6 Nxb6 12. a3 Bd7 13. Be3 Rfd8 14. Rd2
Rac8 15. b4 h6 16. Rb1 Ng4 17. Rbd1 Nxe3 18. fxe3 f5 19. e4 Bf6 20. e5 Be7 21.
c5 Nd5 22. Nxd5 cxd5 23. Rb2 g5 24. h3 Kf7 25. b5 Rg8 26. Rc1 g4 27. hxg4 Rxg4
28. Rbc2 Rcg8 29. Bf1 Rg3 30. Kf2 R3g4 31. c6 bxc6 32. bxc6 Bc8 33. c7 Bh4+ 34.
Nxh4 Rxh4 35. Rb1 Rxd4 36. Rb8 Rf4+ 37. Kg1 Rfg4 38. Ra8 Rf8 39. Rxa7 d4 40.
Ba6 Bxa6 41. c8=Q+ 1-0

[Event "SR 3. liga A2 2010/2011"]
[Site "?"]
[Date "2010.10.31"]
[Round "2.8"]
[White "Curidlo, Jan"]
[Black "Szabo, Ladislav"]
[Result "1-0"]
[WhiteElo "1827"]
[BlackElo "1472"]
[PlyCount "61"]
[EventDate "2010.??.??"]
[WhiteTeam "Slovakia"]
[BlackTeam "II"]
[WhiteTeamCountry "SVK"]
[BlackTeamCountry "SVK"]

1. e4 e5 2. Nf3 Nc6 3. Bb5 d6 4. h3 Bd7 5. d3 Nf6 6. Be3 Be7 7. c3 O-O 8. O-O
a6 9. Ba4 b5 10. Bc2 Re8 11. Nbd2 Nb8 12. d4 exd4 13. cxd4 Qc8 14. Kh2 c5 15.
Rc1 c4 16. Bb1 Qc7 17. Kh1 Qc8 18. Ng1 Bc6 19. b3 d5 20. e5 Nfd7 21. f4 f6 22.
Bf5 g6 23. Be6+ Kg7 24. f5 Qc7 25. Bf4 fxe5 26. dxe5 Nc5 27. f6+ Kh8 28. Bf7
Rf8 29. e6 Qc8 30. fxe7 Rxf7 31. exf7 1-0

[Event "SR 3. liga A2 2010/2011"]
[Site "?"]
[Date "2010.11.20"]
[Round "2.8"]
[White "Holiencin, Filip"]
[Black "Klanica, Anton"]
[Result "1-0"]
[WhiteElo "1631"]
[BlackElo "1851"]
[PlyCount "75"]
[EventDate "2010.??.??"]
[WhiteTeam "Slovakia"]
[BlackTeam "II"]
[WhiteTeamCountry "SVK"]
[BlackTeamCountry "SVK"]

1. d4 Nf6 2. c4 e5 3. d5 Bb4+ 4. Bd2 Qe7 5. Qc2 Bxd2+ 6. Nxd2 O-O 7. e4 d6 8.
Ngf3 Nh5 9. Nb3 b6 10. Nfd2 Bd7 11. Nc1 a5 12. Nd3 f5 13. f3 Qh4+ 14. Nf2 Na6
15. a3 Nc5 16. g3 Qg5 17. Be2 Qh6 18. O-O Qe3 19. Rae1 Qh6 20. b4 Nb7 21. Nd3
fxe4 22. Nxe4 Nf6 23. c5 Nxe4 24. fxe4 Rxf1+ 25. Bxf1 bxc5 26. bxc5 Bg4 27.
cxd6 Qxd6 28. Qb2 Rb8 29. Nxe5 Bc8 30. Rc1 Ra8 31. Rc6 Qe7 32. Qc3 Nd8 33. Rxc7
Qd6 34. Rxc8 Qb6+ 35. Kg2 Rxc8 36. Qxc8 Qb2+ 37. Kh3 Qb6 38. Nc6 1-0

[Event "SR 3. liga A2 2010/2011"]
[Site "?"]
[Date "2010.10.31"]
[Round "2.8"]
[White "Kavon, Rastislav"]
[Black "Arpa, Zoltan"]
[Result "1-0"]
[WhiteElo "1699"]
[BlackElo "1917"]
[PlyCount "85"]
[EventDate "2010.??.??"]
[WhiteTeam "Slovakia"]
[BlackTeam "II"]
[WhiteTeamCountry "SVK"]
[BlackTeamCountry "SVK"]

1. e4 e6 2. d4 d5 3. e5 c5 4. c3 Nc6 5. Nf3 Qb6 6. Bd3 Bd7 7. Bc2 Rc8 8. a3
Nge7 9. O-O cxd4 10. cxd4 Na5 11. b4 Nc4 12. Nbd2 Nxd2 13. Bxd2 Nc6 14. Be3 a5
15. bxa5 Nxa5 16. Ng5 h6 17. Qh5 hxg5 18. Qxh8 Rxc2 19. Rab1 Qd8 20. f4 Nc4 21.
Bc1 Nd2 22. Bxd2 Rxd2 23. fxg5 Qxg5 24. Qh3 Bc6 25. Rb3 Ke7 26. Qf3 Qg6 27. Kh1
Qf5 28. g4 Qxf3+ 29. Rbxf3 Be8 30. Rb1 Rxd4 31. Rxb7+ Bd7 32. h3 Rc4 33. Kg2 g6
34. Kf2 Bg7 35. Rxd7+ Kxd7 36. Rxf7+ Ke8 37. Rxg7 Rc3 38. Rxg6 Kf7 39. Rf6+ Ke7
40. Rf3 Rc4 41. g5 Re4 42. g6 Rxe5 43. h4 1-0

[Event "SR 3. liga A2 2010/2011"]
[Site "?"]
[Date "2010.10.31"]
[Round "2.8"]
[White "Kubik, Peter"]
[Black "Bjel, Tomas"]
[Result "1/2-1/2"]
[WhiteElo "1630"]
[BlackElo "1743"]
[PlyCount "71"]
[EventDate "2010.??.??"]
[WhiteTeam "Slovakia"]
[BlackTeam "II"]
[WhiteTeamCountry "SVK"]
[BlackTeamCountry "SVK"]

1. e4 e5 2. Nf3 Nc6 3. Bb5 d6 4. d4 exd4 5. Qxd4 Bd7 6. Bxc6 Bxc6 7. O-O Qf6 8.
c4 Qxd4 9. Nxd4 Ne7 10. Nc3 g6 11. Ncb5 Kd7 12. Nc3 Bg7 13. Be3 f5 14. exf5
Nxf5 15. Nxf5 gxf5 16. Rac1 Rhg8 17. f3 Rae8 18. Bd2 Bd4+ $11 19. Kh1 Bxc3 20.
Bxc3 Re2 21. Rg1 Rf2 22. Rcf1 Rgxg2 23. Rxf2 Rxf2 24. Rg7+ Kd8 25. Kg1 Rxf3 26.
Rxh7 b6 27. h4 Rg3+ 28. Kf2 f4 29. h5 Rg2+ 30. Kf1 f3 31. h6 Be4 32. Rf7 Bd3+
33. Ke1 Re2+ 34. Kd1 Bc2+ 35. Kc1 f2 36. Bd4 1/2-1/2

[Event "SR 3. liga A2 2010/2011"]
[Site "?"]
[Date "2010.10.31"]
[Round "2.8"]
[White "Mraz, Jan"]
[Black "Vlkovic, Pavol"]
[Result "0-1"]
[WhiteElo "1000"]
[BlackElo "1840"]
[PlyCount "56"]
[EventDate "2010.??.??"]
[WhiteTeam "Slovakia"]
[BlackTeam "II"]
[WhiteTeamCountry "SVK"]
[BlackTeamCountry "SVK"]

1. e4 Nf6 2. Nc3 e5 3. f4 d5 4. fxe5 Nxe4 5. Qf3 Nc6 6. Bb5 Nxc3 7. bxc3 Qh4+
8. g3 Qe4+ 9. Qxe4 dxe4 10. Bxc6+ bxc6 11. Ne2 Ba6 12. Rf1 c5 13. Rf4 Bb7 14.
c4 g6 15. Rb1 Bc6 16. Nc3 f5 17. exf6 Bd6 18. Rf2 Kf7 19. Ba3 Rhe8 20. Ke2 a6
21. Nd5 Rab8 22. Rff1 Rxb1 23. Rxb1 Re5 24. Nf4 Rf5 25. Rf1 Ba4 26. Rc1 Bxf4
27. gxf4 Rh5 28. Bxc5 Rxc5 0-1

[Event "SR 3. liga A2 2010/2011"]
[Site "?"]
[Date "2010.10.31"]
[Round "2.8"]
[White "Zisek, Jaroslav"]
[Black "Kosar, Mikulas st"]
[Result "1-0"]
[WhiteElo "1871"]
[BlackElo "1835"]
[PlyCount "118"]
[EventDate "2010.??.??"]
[WhiteTeam "Slovakia"]
[BlackTeam "II"]
[WhiteTeamCountry "SVK"]
[BlackTeamCountry "SVK"]

1. c4 e5 2. Nc3 Nf6 3. g3 d5 4. cxd5 Nxd5 5. Bg2 Nxc3 6. bxc3 c6 7. Qc2 Qc7 8.
Nf3 Nd7 9. d3 h6 10. Bb2 Nf6 11. O-O Bf5 12. e4 Bg4 13. Nh4 Bd6 14. d4 O-O 15.
h3 Bd7 16. Kh2 Rfe8 17. dxe5 Rxe5 18. f4 Rh5 19. e5 Bxe5 20. fxe5 Qxe5 21. Rf4
Qc7 22. Qf2 Be6 23. c4 Ne8 24. Nf3 Rd8 25. Re1 Rf5 26. Rfe4 Qc8 27. Qe3 Rh5 28.
Qc3 Nf6 29. Rh4 Rxh4 30. Nxh4 Qd7 31. Nf3 Qd3 32. Bf1 Qxc3 33. Bxc3 Ne8 34. Nd4
Nc7 35. Be2 Bc8 36. Rd1 Re8 37. Rd2 c5 38. Nf3 b6 39. Bd3 Re3 40. Nh4 g6 41.
Ng2 Re8 42. Bf6 Kf8 43. Re2 Be6 44. Nf4 Bd7 45. Be5 Na6 46. a3 h5 47. Bd6+ Kg8
48. Rxe8+ Bxe8 49. Be4 b5 50. Bb7 bxc4 51. Bxa6 c3 52. Bxc5 Bc6 53. Bd3 Ba4 54.
Ne2 c2 55. Bxa7 Kg7 56. Be3 f6 57. Nd4 g5 58. Bxc2 Bd7 59. a4 f5 1-0

[Event "SR 3. liga A2 2010/2011"]
[Site "?"]
[Date "2010.11.14"]
[Round "3.1"]
[White "Gasa, Andrej"]
[Black "Lesny, Stefan"]
[Result "1-0"]
[WhiteElo "2256"]
[BlackElo "2100"]
[PlyCount "73"]
[EventDate "2010.??.??"]
[WhiteTeam "Slovakia"]
[BlackTeam "II"]
[WhiteTeamCountry "SVK"]
[BlackTeamCountry "SVK"]

1. e4 e5 2. Nf3 Nc6 3. Bb5 a6 4. Ba4 d6 5. O-O Bd7 6. c3 Be7 7. d4 Nf6 8. Re1
O-O 9. h3 h6 10. Nbd2 b5 11. Bc2 Nh7 12. a4 b4 13. Nc4 bxc3 14. bxc3 Bf6 15.
Rb1 Re8 16. Qd3 Nf8 17. Ne3 Ne7 18. Qc4 Be6 19. d5 Bc8 20. Ng4 Bxg4 21. hxg4
Neg6 22. Rb7 Re7 23. Be3 Qc8 24. Reb1 Qxg4 25. Rb8 Rxb8 26. Rxb8 Bg5 27. Nxg5
hxg5 28. f3 Qg3 29. Qe2 Nh4 30. Qf2 Nxf3+ 31. Qxf3 Qe1+ 32. Kh2 f6 33. Qf2 Qxc3
34. Qd2 Qa1 35. Rb1 Qa2 36. Qc3 Kf7 37. Ra1 1-0

[Event "SR 3. liga A2 2010/2011"]
[Site "?"]
[Date "2010.11.14"]
[Round "3.1"]
[White "Horak, Ivan"]
[Black "Jablonicky, Frantisek"]
[Result "1/2-1/2"]
[WhiteElo "2080"]
[BlackElo "2150"]
[PlyCount "128"]
[EventDate "2010.??.??"]
[WhiteTeam "Slovakia"]
[BlackTeam "II"]
[WhiteTeamCountry "SVK"]
[BlackTeamCountry "SVK"]

1. e4 c6 2. d4 d5 3. exd5 cxd5 4. c3 Nf6 5. Nf3 g6 6. Bf4 Nc6 7. Na3 a6 8. Bd3
Bg7 9. h3 O-O 10. O-O b5 11. Ne5 Nxe5 12. Bxe5 Ne4 13. Bf4 Bb7 14. f3 Nd6 15.
Qe2 Nc4 16. Nxc4 bxc4 17. Bc2 Bc6 18. Rae1 e6 19. Bc1 Rb8 20. f4 Bd7 21. g4 f5
22. Qg2 Kh8 23. Kh1 Qh4 24. g5 h6 25. Re3 hxg5 26. fxg5 Rfd8 27. Re2 Bf8 28.
Rf4 Qh7 29. Qf2 Kg8 30. Rh4 Qf7 31. b4 cxb3 32. axb3 Bd6 33. Bf4 Bb5 34. Bxd6
Rxd6 35. Qf4 Rbd8 36. Re3 Kf8 37. Rh6 Ke7 38. Qh4 Rg8 39. Kg2 Rdd8 40. Qf4 Kd7
41. Qe5 Rde8 42. c4 Bc6 $11 43. c5 Kc8 44. Bd3 Bb5 45. Bxb5 axb5 46. Qd6 f4 47.
Qc6+ Kb8 48. Qxb5+ Qb7 49. Qxb7+ Kxb7 50. Rf3 e5 51. dxe5 Rxe5 52. h4 Re4 53.
Rh7+ Kc6 54. Rf7 Kxc5 55. R7xf4 Kd4 56. Kg3 Rxf4 57. Kxf4 Rh8 58. Kg4 Ke4 59.
Rf6 Rg8 60. Re6+ Kd3 61. Rd6 d4 62. h5 gxh5+ 63. Kxh5 Ke4 64. Kh6 Rb8 $11
1/2-1/2

[Event "SR 3. liga A2 2010/2011"]
[Site "?"]
[Date "2010.11.14"]
[Round "3.1"]
[White "Hudacek, Josef"]
[Black "Mihalik, Marek"]
[Result "1-0"]
[WhiteElo "2047"]
[BlackElo "2080"]
[PlyCount "67"]
[EventDate "2010.??.??"]
[WhiteTeam "Slovakia"]
[BlackTeam "II"]
[WhiteTeamCountry "SVK"]
[BlackTeamCountry "SVK"]

1. e4 c5 2. Ne2 d6 3. g3 g6 4. Bg2 Bg7 5. O-O Nc6 6. c3 e6 7. d3 Nge7 8. f4 Rb8
9. a4 a6 10. Nd2 b5 11. axb5 axb5 12. Nf3 b4 13. c4 O-O 14. g4 f5 15. h3 Bd7
16. Ng3 Nd4 17. Nxd4 Bxd4+ 18. Kh2 Kh8 19. g5 fxe4 20. dxe4 e5 21. Qe2 Be6 22.
Ra6 b3 23. f5 gxf5 24. exf5 Bxf5 25. Nxf5 Rxf5 26. Rxf5 Nxf5 27. Be4 Qd7 28.
Qh5 Kg7 29. h4 Rf8 30. Rb6 Rf7 31. Rb7 Qe6 32. Rxf7+ Qxf7 33. Qxf7+ Kxf7 34.
Bxf5 1-0

[Event "SR 3. liga A2 2010/2011"]
[Site "?"]
[Date "2010.11.14"]
[Round "3.1"]
[White "Janko, Michal"]
[Black "Bukovsky, Milan"]
[Result "0-1"]
[WhiteElo "1985"]
[BlackElo "2274"]
[PlyCount "82"]
[EventDate "2010.??.??"]
[WhiteTeam "Slovakia"]
[BlackTeam "II"]
[WhiteTeamCountry "SVK"]
[BlackTeamCountry "SVK"]

1. e4 e5 2. Nf3 Nc6 3. Bb5 Nf6 4. d3 d6 5. c3 Bd7 6. O-O Be7 7. Re1 O-O 8. h3
Kh8 9. Nbd2 Ng8 10. Nf1 f5 11. exf5 Bxf5 12. Ng3 Bd7 13. Ba4 Qe8 14. Bc2 Qf7
15. Bb3 Qg6 16. d4 exd4 17. cxd4 Rae8 18. Be3 Nh6 19. Bc2 Qf7 20. Qd2 Nf5 21.
Nxf5 Bxf5 22. Bxf5 Qxf5 23. d5 Ne5 24. Nd4 Qg6 25. f4 Nc4 26. Qc3 Nxe3 27. Qxe3
Bh4 28. Ne6 Bxe1 29. Rxe1 Rf5 30. Qxa7 Rxd5 31. Qxb7 Qg3 32. Qb4 Rb5 33. Qe4
Rxb2 34. f5 d5 35. Re3 Rxg2+ 36. Qxg2 Qxe3+ 37. Kh1 Qe1+ 38. Kh2 Qe5+ 39. Kh1
Rb8 40. Qg5 Rb1+ 41. Kg2 Qe2+ 0-1

[Event "SR 3. liga A2 2010/2011"]
[Site "?"]
[Date "2010.11.14"]
[Round "3.1"]
[White "Kovacocy, Pavel"]
[Black "Blatnicky, Miroslav"]
[Result "0-1"]
[WhiteElo "2239"]
[BlackElo "2119"]
[PlyCount "64"]
[EventDate "2010.??.??"]
[WhiteTeam "Slovakia"]
[BlackTeam "II"]
[WhiteTeamCountry "SVK"]
[BlackTeamCountry "SVK"]

1. e4 e6 2. d3 d5 3. Nd2 Nf6 4. g3 dxe4 5. dxe4 Bc5 6. Bg2 O-O 7. Nh3 e5 8. O-O
Bg4 9. Qe1 Qd7 10. Ng5 h6 11. Ngf3 Nc6 12. c3 a5 13. Kh1 Rad8 14. Ng1 Rfe8 15.
h3 Be6 16. Kh2 Qd3 17. Ngf3 Re7 18. Rg1 Qc2 19. Bf1 a4 20. a3 Red7 21. Rg2 Na5
22. Bb5 c6 23. Bxa4 Qxa4 24. b4 Nb3 25. Nxb3 Qxb3 26. bxc5 Rd1 27. Qe2 Bc4 28.
Qb2 Nxe4 29. Nxe5 Nxc5 30. Nxc4 Qxc4 31. Be3 Qf1 32. g4 Ne4 0-1

[Event "SR 3. liga A2 2010/2011"]
[Site "?"]
[Date "2010.11.14"]
[Round "3.1"]
[White "Pribila, Gerhard"]
[Black "Veselsky, Jozef"]
[Result "1/2-1/2"]
[WhiteElo "2032"]
[BlackElo "2118"]
[PlyCount "74"]
[EventDate "2010.??.??"]
[WhiteTeam "Slovakia"]
[BlackTeam "II"]
[WhiteTeamCountry "SVK"]
[BlackTeamCountry "SVK"]

1. e4 c5 2. c3 d6 3. d4 Nf6 4. dxc5 dxc5 5. Qxd8+ Kxd8 6. f3 e6 7. Na3 Nc6 8.
Bg5 Bd6 9. O-O-O Kc7 10. Bb5 Na5 11. Nc4 Nxc4 12. Bxc4 h6 13. Bh4 a6 14. Ne2 b5
15. Bb3 Bb7 16. Rxd6 Kxd6 17. e5+ Ke7 18. Rd1 Rhd8 19. Rxd8 Rxd8 20. Bc2 g5 21.
exf6+ Kxf6 22. Bf2 c4 23. Ng3 Ke7 24. Bc5+ Kd7 25. Bb6 Rb8 26. Bd4 f5 27. h3
Kd6 28. Bg7 Rg8 29. Bxh6 Ke7 30. f4 gxf4 31. Bxf4 Bxg2 32. h4 Rg4 33. Bg5+ Kf7
34. Ne2 Bf3 35. Nd4 Rg1+ 36. Kd2 Bg4 37. Nc6 Rg2+ 1/2-1/2

[Event "SR 3. liga A2 2010/2011"]
[Site "?"]
[Date "2010.11.14"]
[Round "3.2"]
[White "Gono, Michal"]
[Black "Strakac, Petr"]
[Result "0-1"]
[WhiteElo "1951"]
[BlackElo "2046"]
[PlyCount "84"]
[EventDate "2010.??.??"]
[WhiteTeam "Slovakia"]
[BlackTeam "II"]
[WhiteTeamCountry "SVK"]
[BlackTeamCountry "SVK"]

1. d4 f5 2. g3 Nf6 3. Bg2 e6 4. Nf3 Be7 5. O-O O-O 6. c4 d6 7. Nc3 Qe8 8. Qc2
c6 9. b3 d5 10. Ne5 Qh5 11. f4 Bd7 12. e3 Na6 13. Qe2 Qxe2 14. Nxe2 Be8 15. a3
Bh5 16. Nc3 Nc7 17. Bf3 Bxf3 18. Rxf3 Bd6 19. c5 Bxe5 20. fxe5 Ne4 21. Nxe4
dxe4 22. Rf2 Nd5 23. Rc2 g5 24. Bd2 Kg7 25. Rf1 Kg6 26. Bc1 Rf7 27. h3 h5 28.
Kh2 Rh7 29. h4 Kh6 30. Rg2 Rg7 31. Rfg1 Rag8 32. Bd2 gxh4 33. gxh4 Rg4 34. Kh3
Rxg2 35. Rxg2 Rg4 36. Re2 Kg6 37. Ba5 f4 38. Bd2 f3 39. Rh2 Rg1 40. a4 Ne7 41.
b4 Nf5 42. b5 Rg3# 0-1

[Event "SR 3. liga A2 2010/2011"]
[Site "?"]
[Date "2010.11.14"]
[Round "3.2"]
[White "Halas, Miroslav"]
[Black "Janko, Ladislav"]
[Result "0-1"]
[WhiteElo "1935"]
[BlackElo "2239"]
[PlyCount "118"]
[EventDate "2010.??.??"]
[WhiteTeam "Slovakia"]
[BlackTeam "II"]
[WhiteTeamCountry "SVK"]
[BlackTeamCountry "SVK"]

1. e4 c6 2. d4 d5 3. exd5 cxd5 4. c4 Nf6 5. Nc3 g6 6. c5 Nc6 7. Bb5 Bg7 8. h3
O-O 9. Nf3 Ne4 10. O-O Qa5 11. Nxd5 Qxb5 12. Nc7 Qa5 13. Nxa8 Bf5 14. g4 Bd7
15. Qe1 Qxe1 16. Rxe1 f5 17. Nc7 Nxd4 18. Nxd4 Bxd4 19. Be3 Bxb2 20. Rab1 Bc3
21. Red1 Ba4 22. Ne6 Rb8 23. Rd8+ Rxd8 24. Nxd8 f4 25. Bxf4 Nxc5 26. Rc1 Ne4
27. f3 Bd4+ 28. Kg2 Nc3 29. Bd2 Ne2 30. Rc7 Bb6 31. Rxb7 Nd4 32. Be3 e5 33. Nf7
Bc6 34. Nh6+ Kh8 35. Bxd4 exd4 36. Rb8+ Kg7 37. g5 Bd5 38. Re8 Bxa2 39. Re7+
Kf8 40. Rxh7 Be6 41. Ng4 $11 Bf5 42. Nh6 Bc2 43. Rd7 Ke8 44. Rd5 Bb3 45. Rb5
Bc4 46. Rb4 d3 47. Ng4 d2 48. Nf6+ Kf7 49. Rb1 Be2 50. Ng4 d1=Q 51. Ne5+ Kg7
52. Rxd1 Bxd1 53. Kf1 Bd4 54. Nc6 Be3 55. f4 Ba4 56. Nd8 Bd7 57. Kg2 Bxf4 58.
h4 a5 59. Nb7 Bc6+ 0-1

[Event "SR 3. liga A2 2010/2011"]
[Site "?"]
[Date "2010.11.14"]
[Round "3.2"]
[White "Hirmajer, Jan"]
[Black "Cechovic, Stefan"]
[Result "1/2-1/2"]
[WhiteElo "2030"]
[BlackElo "2190"]
[PlyCount "22"]
[EventDate "2010.??.??"]
[WhiteTeam "Slovakia"]
[BlackTeam "II"]
[WhiteTeamCountry "SVK"]
[BlackTeamCountry "SVK"]

1. c4 e5 2. Nc3 Nf6 3. g3 d5 4. cxd5 Nxd5 5. Bg2 Nxc3 6. bxc3 Bd6 7. Nf3 O-O 8.
O-O c6 9. d3 Nd7 10. a4 Qe7 11. Nd2 Rd8 1/2-1/2

[Event "SR 3. liga A2 2010/2011"]
[Site "?"]
[Date "2010.11.14"]
[Round "3.2"]
[White "Kozinka, Roman"]
[Black "Sefcik, Marek"]
[Result "1-0"]
[WhiteElo "2049"]
[BlackElo "2025"]
[PlyCount "67"]
[EventDate "2010.??.??"]
[WhiteTeam "Slovakia"]
[BlackTeam "II"]
[WhiteTeamCountry "SVK"]
[BlackTeamCountry "SVK"]

1. c4 e6 2. Nf3 f5 3. g3 Nf6 4. Bg2 c6 5. b3 d5 6. Bb2 Bd6 7. O-O O-O 8. Qc2
Qe8 9. d3 Qh5 10. Nbd2 f4 11. e4 fxe3 12. fxe3 e5 13. cxd5 cxd5 14. e4 Be6 15.
exd5 Bxd5 16. Ne4 Bxe4 17. dxe4 Nc6 18. Nh4 Rad8 19. Bf3 Qf7 20. Nf5 Bc7 21.
Ba3 Rfe8 22. Be2 Bb6+ 23. Kh1 Qc7 24. Rac1 Rd7 25. Bc4+ Kh8 26. Qg2 Ng4 27. Qf3
Nf2+ 28. Rxf2 Bxf2 29. Qxf2 Qd8 30. Bd5 Rxd5 31. exd5 Qxd5+ 32. Kg1 Qa5 33. Bc5
Rd8 34. Nd6 1-0

[Event "SR 3. liga A2 2010/2011"]
[Site "?"]
[Date "2010.11.14"]
[Round "3.2"]
[White "Merva, Frantisek"]
[Black "Sebesta, Radovan"]
[Result "1/2-1/2"]
[WhiteElo "2038"]
[BlackElo "2076"]
[PlyCount "146"]
[EventDate "2010.??.??"]
[WhiteTeam "Slovakia"]
[BlackTeam "II"]
[WhiteTeamCountry "SVK"]
[BlackTeamCountry "SVK"]

1. d4 Nf6 2. Nf3 e6 3. c4 b6 4. g3 Ba6 5. b3 Bb7 6. Bg2 Bb4+ 7. Bd2 c5 8. Bxb4
cxb4 9. O-O O-O 10. d5 exd5 11. Nh4 Na6 12. cxd5 d6 13. Qd4 Re8 14. e4 Nc5 15.
Nd2 a5 16. Rfe1 Ba6 17. Nc4 Bxc4 18. Qxc4 Nfd7 19. Rad1 Qf6 20. Qb5 g6 21. Nf3
h5 22. Nd4 h4 23. Re2 Kg7 24. g4 h3 25. Bh1 Ne5 26. f3 Rac8 27. Re3 Rh8 28. Qe2
Rh4 29. Nc6 Ncd7 30. Rc1 g5 31. Rc2 Ng6 32. Kf2 Nde5 33. Ke1 Nf4 34. Qd1 Ng2+
35. Bxg2 hxg2 36. Rxg2 Qf4 37. Qe2 Nxc6 38. dxc6 Rxc6 39. Rd3 Rc1+ 40. Rd1 Rc3
41. Rd3 Rxh2 42. Rxh2 Rxd3 43. Rh7+ Kxh7 44. Qxd3 Qe5 45. Kf2 Kg7 46. Kg2 Qc5
47. Qd2 b5 48. Qb2+ Qc3 49. Qe2 Qc5 50. Qb2+ f6 51. Qe2 a4 52. Qd3 Kf7 53. e5
Qxe5 54. Qh7+ Ke6 55. Qg8+ Kd7 56. Qf7+ Kd8 57. Qf8+ Kc7 58. Kh3 Qc3 59. Qe7+
Kc6 60. Qe8+ Kc5 61. Qa8 axb3 62. axb3 Qxb3 63. Qa7+ Kc6 64. Qa6+ Kc7 65. Qa7+
Kd8 66. Qb8+ Kd7 67. Qb7+ Ke6 68. Qe4+ Kf7 69. Qh7+ Kf8 70. Qh8+ Ke7 71. Qh7+
Qf7 72. Qe4+ Kd7 73. Qb7+ Ke6 $11 1/2-1/2

[Event "SR 3. liga A2 2010/2011"]
[Site "?"]
[Date "2010.11.14"]
[Round "3.2"]
[White "Meszaros, Lorant"]
[Black "Pribila, Michal"]
[Result "1-0"]
[WhiteElo "2076"]
[BlackElo "2103"]
[PlyCount "81"]
[EventDate "2010.??.??"]
[WhiteTeam "Slovakia"]
[BlackTeam "II"]
[WhiteTeamCountry "SVK"]
[BlackTeamCountry "SVK"]

1. d4 c5 2. d5 Nf6 3. c4 e6 4. Nc3 exd5 5. cxd5 d6 6. Nf3 g6 7. Nd2 a6 8. a4
Bg7 9. g3 O-O 10. Bg2 Nbd7 11. O-O Rb8 12. Nde4 Nb6 13. Nxd6 Qxd6 14. Bf4 Qd8
15. Bxb8 Bg4 16. Bf4 Re8 17. f3 Bc8 18. e4 Nfd7 19. Qc2 Nc4 20. Rfe1 Qb6 21.
Rab1 Bd4+ 22. Kh1 Qf6 23. Ne2 b5 24. Nxd4 cxd4 25. Rbd1 Bb7 26. b3 Ne3 27. Bxe3
dxe3 28. Rxe3 Rc8 29. Qe2 bxa4 30. e5 Nxe5 31. Rxe5 axb3 32. Re8+ Rxe8 33.
Qxe8+ Kg7 34. f4 Qb6 35. Qe7 Kg8 36. d6 b2 37. Rb1 Bxg2+ 38. Kxg2 Qc6+ 39. Kh3
Qc8+ 40. f5 gxf5 41. Rxb2 1-0

[Event "SR 3. liga A2 2010/2011"]
[Site "?"]
[Date "2010.11.14"]
[Round "3.3"]
[White "Dvorsky, Jozef"]
[Black "Svoboda, Adam"]
[Result "1-0"]
[WhiteElo "2024"]
[BlackElo "1925"]
[PlyCount "91"]
[EventDate "2010.??.??"]
[WhiteTeam "Slovakia"]
[BlackTeam "II"]
[WhiteTeamCountry "SVK"]
[BlackTeamCountry "SVK"]

1. e4 e6 2. d4 d5 3. e5 c5 4. c3 Qb6 5. Nf3 Bd7 6. Bd3 Bb5 7. O-O Bxd3 8. Qxd3
Nc6 9. a3 Rc8 10. b4 cxb4 11. cxb4 Nge7 12. Nc3 Nf5 13. Ne2 Be7 14. Rd1 h6 15.
Nf4 Nh4 16. Nxh4 Bxh4 17. Qh3 Be7 18. Nxd5 Qd8 19. Nf4 Nxe5 20. Qh5 Ng6 21.
Nxg6 fxg6 22. Qxg6+ Kf8 23. Qxe6 Rc6 24. Qb3 Bf6 25. Bb2 Rd6 26. Rd3 g6 27.
Rad1 Kg7 28. d5 Rf8 29. Bxf6+ Rfxf6 30. Rf3 Rxf3 31. Qxf3 Qe7 32. g3 b5 33. Kg2
a6 34. Rc1 Qd7 35. Rc6 Rxc6 36. dxc6 Qc7 37. Qd5 Kf6 38. f4 Ke7 39. Qe5+ Kd8
40. Qh8+ Ke7 41. Qg7+ Kd6 42. Qxg6+ Kd5 43. Qd3+ Kxc6 44. Qc3+ Kb6 45. Qxc7+
Kxc7 46. Kf3 1-0

[Event "SR 3. liga A2 2010/2011"]
[Site "?"]
[Date "2010.11.14"]
[Round "3.3"]
[White "Kovarik, Oto"]
[Black "Sturdik, Igor"]
[Result "1-0"]
[WhiteElo "2025"]
[BlackElo "2071"]
[PlyCount "73"]
[EventDate "2010.??.??"]
[WhiteTeam "Slovakia"]
[BlackTeam "II"]
[WhiteTeamCountry "SVK"]
[BlackTeamCountry "SVK"]

1. e4 Nf6 2. e5 Nd5 3. d4 d6 4. c4 Nb6 5. exd6 exd6 6. Nf3 Bg4 7. Be2 Be7 8.
O-O O-O 9. Be3 Nc6 10. Nbd2 Re8 11. d5 Ne5 12. Nxe5 Bxe2 13. Qxe2 dxe5 14. Ne4
Nd7 15. Nc3 f5 16. f3 a5 17. a3 Ra6 18. Qc2 Rf6 19. Rab1 Bc5 20. Bxc5 Nxc5 21.
b4 axb4 22. axb4 Nd7 23. c5 Nf8 24. Qb3 Kh8 25. Nb5 Rh6 26. d6 cxd6 27. Nxd6
Rxd6 28. cxd6 Qxd6 29. Rbd1 Qb6+ 30. Kh1 h6 31. Qc4 Qg6 32. Qd5 Re7 33. Qc5 Qf6
34. Rd6 Ne6 35. Qb6 Qf7 36. Re1 Nd4 37. Rxd4 1-0

[Event "SR 3. liga A2 2010/2011"]
[Site "?"]
[Date "2010.11.14"]
[Round "3.3"]
[White "Kubis, Ivan"]
[Black "Manak, Adrian"]
[Result "1-0"]
[WhiteElo "1980"]
[BlackElo "1909"]
[PlyCount "79"]
[EventDate "2010.??.??"]
[WhiteTeam "Slovakia"]
[BlackTeam "II"]
[WhiteTeamCountry "SVK"]
[BlackTeamCountry "SVK"]

1. e4 e6 2. d4 d5 3. Nc3 Bb4 4. e5 Ne7 5. a3 Bxc3+ 6. bxc3 c5 7. Nf3 Bd7 8. Bd3
Ba4 9. O-O Nd7 10. Rb1 Qc7 11. Bg5 Nb6 12. Qc1 cxd4 13. cxd4 Rc8 14. Qf4 h6 15.
Qh4 Nc6 16. Bd2 Nc4 17. Bc1 b5 18. Qg4 g6 19. c3 Qe7 20. Bxc4 bxc4 21. h4 Bc2
22. Rb2 Bd3 23. Re1 Qxa3 24. Qf4 Qa6 25. Qf6 Rh7 26. g4 Rb8 27. Rxb8+ Nxb8 28.
h5 Nd7 29. Qf4 Qa2 30. g5 Be4 31. gxh6 Bxf3 32. Qxf3 a5 33. hxg6 fxg6 34. Qg4
Nf8 35. Re2 Qa1 36. Qg5 a4 37. Rb2 Kf7 38. Rb7+ Kg8 39. Rxh7 Kxh7 40. Qe7+ 1-0

[Event "SR 3. liga A2 2010/2011"]
[Site "?"]
[Date "2010.11.14"]
[Round "3.3"]
[White "Liptak, Dusan"]
[Black "Jakubec, Milan"]
[Result "1/2-1/2"]
[WhiteElo "2086"]
[BlackElo "2073"]
[PlyCount "90"]
[EventDate "2010.??.??"]
[WhiteTeam "Slovakia"]
[BlackTeam "II"]
[WhiteTeamCountry "SVK"]
[BlackTeamCountry "SVK"]

1. d4 d5 2. c4 e6 3. Nc3 Nf6 4. cxd5 exd5 5. Bg5 Be7 6. e3 h6 7. Bh4 c6 8. Bd3
Ne4 9. Bxe7 Qxe7 10. Nge2 f5 11. Nf4 Qf7 12. h4 Nd7 13. Nce2 Ndf6 14. f3 Nd6
15. h5 O-O 16. Ng3 Re8 17. Kf2 Nc4 18. Bxc4 dxc4 19. Ng6 Qe6 20. Ne5 b5 21. Ne2
Nd5 22. a3 Rf8 23. g3 Bb7 24. b3 cxb3 25. Qxb3 a6 26. Rac1 Rac8 27. Rc5 Rfe8
28. Qc2 Rc7 29. Nc1 Nf6 30. Nb3 Nd7 31. Na5 Nxc5 32. Qxc5 Qa2+ 33. Kg1 Bc8 34.
Naxc6 Qd2 35. Qd6 Qxe3+ 36. Kg2 Qd2+ 37. Kf1 Rd7 38. Qg6 Ree7 39. Qxf5 Bb7 40.
Nxe7+ Rxe7 41. Rh4 Qc1+ 42. Kg2 Bc8 43. Qe4 Bb7 44. Qf5 Bc8 45. Qe4 Bb7 $11
1/2-1/2